Κατάλογος Βιβλιοθηκών Mediterranean College

Κλειδιά για τη Γλωσσολογία (Record no. 5688)

MARC details
000 -LEADER
fixed length control field 01395cam a22002054a 4500
005 - ΗΜΕΡΟΜΗΝΙΑ ΚΑΙ ΩΡΑ ΤΕΛΕΥΤΑΙΑΣ ΕΝΗΜΕΡΩΣΗΣ
Πεδίο ελέγχου 20250605164219.0
008 - FIXED-LENGTH DATA ELEMENTS--GENERAL INFORMATION
Πεδίο ελέγχου σταθερού μήκους 250528s ||||||||||||||||||||||||d
035 ## - SYSTEM CONTROL NUMBER
System control number 20597
020 ## - ISBN
ISBN 9602500999
040 ## - ΠΗΓΗ ΚΑΤΑΛΟΓΟΓΡΑΦΗΣΗΣ
Φορέας πρωτότυπης καταλογογράφησης MC Athens Campus Library
Γλώσσα καταλογογράφησης Ελληνικά, Μοντέρνα (1453-)
Modifying agency MC Athens Campus Library
Κανόνες περιγραφικής καταλογογράφησης AACR2
245 1# - ΤΙΤΛΟΣ ΚΑΙ ΔΗΛΩΣΗ ΥΠΕΥΘΥΝΟΤΗΤΑΣ
Τίτλος Κλειδιά για τη Γλωσσολογία
250 ## - EDITION STATEMENT
Edition statement
260 ## - PUBLICATION, DISTRIBUTION, ETC.
Name of publisher, distributor, etc. Μορφωτικό Ίδρυμα Εθνικής Τραπέζης,
Date of publication, distribution, etc. 2003
300 ## - PHYSICAL DESCRIPTION
Extent 208
520 ## - SUMMARY, ETC.
Summary, etc. Σύντομη εισαγωγή στη Γλωσσολογία, κατανοητή και χρήσιμη τόσο σ'εκείνους που αρχίζουν ειδικές σπουδές όσο και στο ευρύτερο κοινό. Πρόλογος του Μεταφραστή, Εισαγωγή, Η Ηλικία της Γλωσσολογίας, Γλώσσα και Επικοινωνία, Ο Ιδιαίτερος Χαρακτήρας των Φυσικών Ανθρώπινων Γλωσσών, Τα Πειθωριακά Γλωσσικά Φαινόμενα, Η Γλώσσα και η μη Γλωσσική Πραγματικότητα, Κώδικας και Μήνυμα, Η Φωνολογία, Η Δομική Σύνταξη, Η Σημασιολογία, Η Υφολογία, Συμπληρωματική Βιβλιογραφία, Ευρετήρια.
700 1# - ΠΡΟΣΘΕΤΗ ΑΝΑΓΡΑΦΗ--ΦΥΣΙΚΟ ΠΡΟΣΩΠΟ
Personal name Mounin George
9 (RLIN) 6560
942 ## - ADDED ENTRY ELEMENTS (KOHA)
Koha item type Books
Holdings
Τύπος τεκμηρίου Βιβλιοθήκη Τρέχουσα τοποθεσία Barcode Αριθμός εισαγωγής Ημερομηνία απόκτησης Ταξιθετικό σύμβολο Αριθμός αντιτύπου Κατάσταση απόσυρσης Κατάσταση χαμένου Κατάσταση κατεστραμμένου Μη δανεισμός Σύνολο δανεισμών Ημερομηνία τελευταίας εμφάνισης Η τιμή ισχύει από
Books MC Athens Campus Library MC Athens Campus Library 9780000056870 7110 05/06/2025 410 MOU 1           05/06/2025 05/06/2025

MC Athens Campus Library
Πατησίων 94 & Κοδριγκτώνος 13, 104 34
Πελλήνης 8 & Πατησίων 107, 112 51
Τ: +30 210 8899600

MC Thessaloniki Campus Library
Ίωνος Δραγούμη 21, 54625 | Ίωνος Δραγούμη 15, 54625
Τ: +30 2310 287779 – Τ: +30 2314 440300